Valles de Benavente : (Record no. 183995)

MARC details
000 -LEADER
campo de control de longitud fija 01364nam a2200301 i 4500
001 - NÚMERO DE CONTROL
campo de control 183995
003 - IDENTIFICADOR DE NÚMERO DE CONTROL
campo de control ES-MaACL
005 - FECHA Y HORA DE LA ÚLTIMA TRANSACCIÓN
campo de control 20250729063247.0
008 - DATOS DE LONGITUD FIJA--INFORMACIÓN GENERAL
campo de control de longitud fija 150128m20062010sp aco |||| |dspa d
020 ## - NÚMERO INTERNACIONAL ESTÁNDAR DEL LIBRO
Número Internacional Estándar del Libro 84-933594-6-7
080 ## - NÚMERO DE LA CLASIFICACIÓN DECIMAL UNIVERSAL
Número de la Clasificación Decimal Universal 39(460.184)
100 1# - ENTRADA PRINCIPAL--NOMBRE DE PERSONA
Nombre de persona Pérez Mencía, Emiliano,
Fechas asociadas al nombre 1942-
Término indicativo de función/relación Autor
9 (RLIN) 156182
245 10 - MENCIÓN DEL TÍTULO
Título Valles de Benavente :
Resto del título oficios tradicionales y artesanos /
Mención de responsabilidad, etc. Emiliano Pérez Mencía
260 ## - PUBLICACIÓN, DISTRIBUCIÓN, ETC.
Lugar de publicación, distribución, etc. Benavente :
Nombre del editor, distribuidor, etc. Centro de Estudios Benaventanos "Ledo del Pozo",
Fecha de publicación, distribución, etc. 2006-2010
300 ## - DESCRIPCIÓN FÍSICA
Extensión 2 v. (224 ; 209 páginas) :
Otras características físicas ilustraciones (color) ;
Dimensiones 24 cm
490 1# - MENCIÓN DE SERIE
Mención de serie Patrimonio y medio ambiente ;
Designación de volumen o secuencia 2, 6
504 ## - NOTA DE BIBLIOGRAFÍA, ETC.
Nota de bibliografía, etc. Bibliografía.
650 #4 - PUNTO DE ACCESO ADICIONAL DE MATERIA--TÉRMINO DE MATERIA
Término de materia o nombre geográfico como elemento de entrada Oficios-
Subdivisión geográfica Zamora (Provincia)
9 (RLIN) 156244
650 #4 - PUNTO DE ACCESO ADICIONAL DE MATERIA--TÉRMINO DE MATERIA
Término de materia o nombre geográfico como elemento de entrada Artesanía-
Subdivisión geográfica Zamora (Provincia)
9 (RLIN) 156247
710 2# - ENTRADA AGREGADA--NOMBRE DE ENTIDAD CORPORATIVA
Nombre de entidad corporativa o nombre de jurisdicción como elemento de entrada Centro de Estudios Benaventanos "Ledo del Pozo"
Término indicativo de función/relación Editor
9 (RLIN) 144530
830 #0 - PUNTO DE ACCESO ADICIONAL DE SERIE-TÍTULO UNIFORME
Título uniforme Patrimonio y medio ambiente ;
Designación de volumen o secuencia 2, 6
9 (RLIN) 192017
852 ## - LOCALIZACIÓN
Ubicación ES-MaACL
Sublocalización o colección R.150344
Ubicación en estantería Depósito 1
Signatura antigua Olim: N-6347
Donativo/Legado Donativo Centro de Estudios Benaventanos "Ledo del Pozo"
Número de control de estantería A-13347
Designación de la unidad física v. 1
itemnumber 190960
852 ## - LOCALIZACIÓN
Ubicación ES-MaACL
Sublocalización o colección R.150347
Ubicación en estantería Depósito 1
Signatura antigua Olim: 13348
Donativo/Legado Donativo Centro de Estudios Benaventanos "Ledo del Pozo"
Número de control de estantería A-13348
Designación de la unidad física v. 2
itemnumber 200821
914 ## - NOMBRE ENTIDAD DE DONANTE
RLIN 144530
Nombre de congreso/reunión o jurisdicción como elemento de entrada Centro de Estudios Benaventanos "Ledo del Pozo"
Unidad subordinada Donante
942 ## - ELEMENTOS DE ENTRADA SECUNDARIOS (KOHA)
Fuente del sistema de clasificación o colocación Clasificación decimal universal
Tipo de ítem Koha Libro impreso
Suprimir en OPAC No
Holdings
Estatus retirado Estado de pérdida Fuente del sistema de clasificación o colocación Especificación de materiales (volumen encuadernado u otra parte) Estado de daño No para préstamo Biblioteca de origen Biblioteca actual Ubicación en estantería Fecha de adquisición Fuente de adquisición Total de préstamos Signatura topográfica completa Código de barras Visto por última vez Tipo de ítem Koha
    Clasificación decimal universal v. 1     Biblioteca del Ateneo de Madrid Biblioteca del Ateneo de Madrid Depósito 1 13/11/2023 Donación   A-13347 1193481 13/11/2023 Libro impreso
    Clasificación decimal universal v. 2     Biblioteca del Ateneo de Madrid Biblioteca del Ateneo de Madrid Depósito 1 13/11/2023 Donación   A-13348 101206120 13/11/2023 Libro impreso